The Silmarillion: All characters starting with H - Statistics

General Stats
  • This quiz has been taken 41 times
  • The average score is 9 of 16
Answer Stats
Hint Answer % Correct
Husband of Rian and father of Tuor; slain in the Nirnaeth Arnoediad: Huor
96%
Husband of Morwen and father of Turin and Nienor; captured by Morgoth and set upon Thangorodrim for many years: Hurin
96%
Called Lorindel 'Goldenhead', slain at Eithel Sirion in the Dagor Bragollach: Hador
89%
Daughter of Haldad, she was the leader of the Haladin from Thargelion to the lands west of Sirion: Haleth
89%
The wolfhound of Valinor that Orome gave to Celegorm: Huan
85%
Leader of the Haladin in their defence against the attack on them by Orcs in Thargelion, and slain there: Haldad
59%
Husband of Gloredhel. Slain in the Nirnaeth Arnoediad: Haldir
59%
Father of Brandir the Lame; slain in Brethil in battle with Orcs: Handir
48%
She wedded Galdor of Dor-lomin; mother of Hurin and Huor: Hareth
44%
Leader of the Haladin after the death of the Lady Haleth: Haldan
41%
Brother of Haleth, and slain with his father in the Orc-raid on Thargelion: Haldar
37%
He accompanied Turin in his attack on Glaurung at Cabed-en-Aras and was killed there by a falling stone: Hunthor
37%
With Beleg of Doriath defeated the Orcs that come south from the Pass of Sirion after the Dagor Bragollach: Halmir
30%
Called the Young; one of the twelve companions of Barahir on Dorthonion: Hathaldir
22%
Father of #1: Hathol
22%
A renegade Numenorean who became mighty among the Haradrim at the end of the Second Age: Herumor
11%
No matching quizzes found
Score Distribution
Percent of People with Each Score
Percentile by Number Answered
Your Score History
You have not taken this quiz